Falling away from me - Korn All lyrics - Statistics

General Stats
  • This quiz has been taken 23 times
  • The average score is 200 of 239
Answer Stats
Answer % Correct
be
100%
I
100%
me
100%
me)
100%
away
95%
Do
95%
down
95%
Down
95%
Falling
95%
(Falling
95%
falling
95%
from
95%
so
95%
So
95%
the
95%
Beating
89%
beating
89%
go
89%
ground
89%
it
89%
"It's
89%
It's
89%
better
84%
gonna
84%
Into
84%
Sometimes
84%
suicide
84%
feeling
79%
Hey
79%
I'm
79%
You
79%
always
74%
and
74%
okay
74%
that's
74%
That's
74%
can't
68%
kill
68%
pain
68%
say
68%
sound
68%
here
63%
tired
63%
today
63%
what
63%
with
63%
flirt
58%
is
58%
Screaming
58%
standing
58%
hollow
53%
My
53%
round
53%
spinning
47%
time
47%
tomorow"
47%
found
42%
gone
42%
pray
42%
when
42%
has
37%
insane
37%
Life's
37%
lost
37%
they
37%
others
32%
won't
32%
Day
26%
fading
26%
Fuck
26%
Throw
21%
Twisting
16%
No matching quizzes found
Score Distribution
Percent of People with Each Score
Percentile by Number Answered
Your Score History
You have not taken this quiz